00301nam a2200133Ia 4500003000400000008004100004020001000045040000800055100001600063245004100079260002900120300000800149365001000157LDD181029s9999 xx 000 0 und d c60.00 cLDD aHaksar, P N 0aReflections on Our TimescP N Haksar aNew DelhibLancessc1982 a119 b60.00